[Event "Holguin Regional-ch sf"]
[Site "Holguin"]
[Date "2023.10.14"]
[Round "6"]
[White "Machin Parra, Leandro"]
[Black "Bonet Molina, Ariel"]
[Result "1-0"]
[WhiteElo "2160"]
[BlackElo "2187"]
[PlyCount "153"]
[EventDate "2023.10.11"]
[EventType "swiss"]
[EventRounds "7"]
[EventCountry "CUB"]
[SourceTitle "Mega2024 Update 01"]
[Source "Chessbase"]
[SourceDate "2023.11.12"]
[SourceVersion "1"]
[SourceVersionDate "2023.11.12"]
[SourceQuality "1"]

1. d4 d5 2. c4 c6 3. Nf3 Nf6 4. Nc3 a6 5. e3 b5 6. c5 Bg4 7. h3 Bxf3 8. gxf3 e5 9. dxe5 Nfd7 10. Nxd5 cxd5 11. Qxd5 Ra7 12. b4 Qe7 13. Bb2 Qe6 14. 0-0-0 Nc6 15. a3 Be7 16. f4 Ndb8 17. Rg1 0-0 18. f5 Qxd5 19. Rxd5 Bh4 20. Rd2 Rd8 21. Rxd8+ Bxd8 22. Rg4 Kf8 23. Kc2 f6 24. f4 fxe5 25. fxe5 Nd7 26. Re4 Bc7 27. e6 Nf6 28. Bxf6 gxf6 29. Kb3 Be5 30. Be2 Ne7 31. Bd3 Nd5 32. Rd4 Bxd4 33. exd4 Rg7 34. Be4 Rg3+ 35. Kb2 Nc3 36. Bb7 Na4+ 37. Kc2 Rxa3 38. d5 Rc3+ 39. Kd2 Rxc5 40. bxc5 Nxc5 41. Bc6 Ke7 42. Kc3 Ne4+ 43. Kd4 Nd6 44. Kc5 Nxf5 45. Bb7 a5 46. Bc6 b4 47. Ba4 h5 48. Bc2 Nd6 49. h4 f5 50. Bd1 Ne4+ 51. Kd4 Kd6 52. Bxh5 b3 53. Bd1 a4 54. h5 b2 55. Bc2 a3 56. Bb1 Nf6 57. h6 f4 58. Kd3 f3 59. Ba2 b1Q+ 60. Bxb1 Nxd5 61. h7 a2 62. Bxa2 Nf4+ 63. Ke3 Ng6 64. Kxf3 Ke7 65. Kg4 Kf6 66. Kh5 Kg7 67. Kg5 Ne7 68. Bb1 Nc6 69. Be4 Ne7 70. Kf4 Nc8 71. Ke5 Kh8 72. Bb7 Ne7 73. Kf6 Ng6 74. Be4 Nf8 75. e7 Nd7+ 76. Kf5 Nf6 77. Bc6 1-0